00821nam a2200229 a 450000100100000000500170001000800410002704000250006808200170009310000270011024501100013725000100024726000390025730000210029665000270031765000280034465000220037270000530039404900090044795201200045699900150057600000532820240514195118.0090819s1969 es 001 0 spa d aDO-SdBNPbspacBNPHU a571.8bM758d1 aMontagu, Ashley91511613aLa dirección del desarrollo humano /cAshley Montagu ; traducción María Dolores López Martínez. a2a ed aMadrid, España :bTecnos,c1969. a355 p. ;c24 cm. 4aDesarrollo humano9213 0a Calidad de vida985379 4aEvolución973861 aLópez Martínez, María Dolores,etr.915117 aBNPD 001054708MOaGRbGRcHDd2009-08-19iLF1l0o571.8 M758dp5328-10r2020-06-25w2020-06-25y4ZPréstamo en sala c5129d5129